000 00521aam a2200193 4500
005 20250701163510.0
008 150508b1983 xxu||||| |||| 00| 0 spa d
020 _a997759001X
041 _aESP
082 _a306 C8375c
100 _aCosta Rica, Ministerio de Cultura, Juventud y Deportes
_937787
245 _aLa cultura al encuentro del hombre
260 _aCosta Rica
_bInstituto del Libro
_c1983
300 _a102 páginas
490 _aTurismo
650 _aCOSTA RICA
650 _aCULTURA
942 _cBK
_2ddc
999 _c5291
_d5291